000 00288nam a2200097Ia 4500
001 698687
005 20250826162056.0
008 250824s9999 xx 000 0 und d
245 0 _aSEYAHATNAMEDEN SEÇMELER (ANTİK OKUL KLASİKLERİ)
_cEVLİYA ÇELEBİ
260 _bANTİK DÜNYA KLASİKLERİ
999 _c698687
_d698687